Košický spevácky zbor učiteľov

Bibliographic Details
Main Author: Vystrčilová, K. (Author)
Format: Article
Language:Slovak
PhysicalDescription:Obr.
Subjects:

MARC

LEADER 00000nab a2200000 ar4500
001 vtls009082240
003 SK-MaSNL
005 20260303065732.0
008 070724c1976 xo |r|p|||||||000 b|slo
015 |a SNBRB1976 
038 |a SNKBUCL 
040 |a SNKBUCL  |b slo  |c SNKBUCL  |e AACR2 
041 |a slo 
044 |a xo  |c SK 
080 |a 784.96(437.6)  |2 1997 
100 1 |a Vystrčilová, K.  |4 aut  |9 1066196 
245 1 0 |a Košický spevácky zbor učiteľov  |c K. Vystrčilová 
300 |b Obr. 
610 2 7 |a Košický spevácky zbor učiteľov (Košice, Slovensko)  |2 snkbucl  |9 30086 
651 7 |a Košice (Slovensko)  |2 snkbucl  |9 18694 
773 0 |t Osvetová práca  |g Roč. 26, č. 12 (1976), s. 32 
852 |a SNK  |b KIS3GCP 
958 |a SK 
999 |c 1752426  |d 1754356